000 00287nam a2200109Ia 4500
008 220120s9999||||xx |||||||||||||| ||und||
100 _aKotur, P.B
245 0 _aComputer concepts and C programming
260 _aSapna book house
_bNew Delhi
_c2005
300 _b200
650 _aMECHANICHAL
999 _c132106
_d132106